000
00338pab a2200157 454500
008
180718b2007 xxu||||| |||| 00| 0 eng d
100
_a
Iqbal, Javed M.
245
_a
NACO and HIV/AIDS in India
260
_c
2007
300
_a
p.24-26.
362
_a
1 Dec
650
_a
AIDS
773
_a
Mainstream
908
_a
N
909
_a
76609
999
_c
76609
_d
76609